000 00896cab a2200253 4500
001 ABS54590
008 090401t1996 xxu||||| |||| 00| 0 eng d
035 _a(Sirsi) u11237
041 _aeng
100 _aWard, C.
245 _aConditions, conditions
260 _c1996
350 _a0
490 _aPlanning Week
_v4(6) 8 February 1996, 11(1)
520 _aHighlights how the enforcement of planning conditions on developments can cause councils to face either heavy financial risks by stopping construction work, or find that they have no-one to enforce conditions against once development is complete .
650 _aBREACH OF CONDITION NOTICES
650 _aPLANNING CONDITIONS
650 _aPLANNING ENFORCEMENT
650 _aSTOP NOTICES
650 _aTOWN AND COUNTRY PLANNING ACT 1990 S176(B)
690 _aPLANNING LAW AND PRACTICE
942 _n0
948 _c04/03/1997
999 _c7149
_d7149